Statistiques concernant Audience TV: France 2019

Cliquez ici pour prendre le quiz!

Statistiques générales

  • Ce quiz a été pris 91 fois
  • Le résultat moyen est 7 sur 25

Statistiques - réponses

% AudienceChaîne% Correct
19,5TF1
100%
13,9France 2
95%
9,3France 3
92%
8,9M6
84%
3,6France 5
57%
3,1TMC
46%
2,9C8
41%
2,6Arte
37%
2,5W9
33%
2,3BFM TV
31%
1,4Gulli
17%
1,6France 4
14%
1,5NRJ12
14%
1,8TFX
14%
0,8CNEWS
10%
1,76TER
8%
1,4L'équipe
7%
1,2CStar
6%
1LCI
6%
1,8TF1 Séries Films
6%
1,3Canal +
5%
1,1Chérie 25
5%
0,5France Info
4%
2,3RMC Découverte
4%
1,3RMC Story
1%

Distribution des résultats

Percentile par nombre de réponses

% des personnes avec chaque résultat

Votre développement - résultats

Vous n’avez pas pris ce quiz